Statistiques concernant Culture Générale - Série 1282

Cliquez ici pour prendre le quiz!

Statistiques générales

  • Ce quiz a été pris 43 fois
  • Le résultat moyen est 7 sur 10

Statistiques - réponses

Question Réponse % Correct
Dans quelle capitale se trouve la célèbre statue du Manneken-Pis, qui représente un enfant en train d'uriner ?Bruxelles
97%
Dans quelle partie du corps trouve-t-on les os appelés phalanges ?main
92%
En équitation, quelle est l'allure la plus rapide ?galop
89%
De quel gaz est principalement constituée l'atmosphère terrestre ?azote
78%
Quel roman de Dan Brown a figuré le plus longtemps sur la liste des best-sellers du New York Times ?Da Vinci Code
76%
Dans quel état américain se trouve la vallée de la Mort ?Californie
68%
Dans quelle ville le stade de France se trouve-t-il ?Saint-Denis
65%
Quel livre de la série Harry Potter, J.K. Rowling a-t-elle écrit en premier ?Harry Potter à l'école des sorciers
43%
De quel pays est originaire le kiwi (fruit) ?Chine
30%
Dans quelle ville Olivier Besancenot était-il facteur ?Neuilly-sur-Seine
19%

Distribution des résultats

Percentile par nombre de réponses

% des personnes avec chaque résultat

Votre développement - résultats

Vous n’avez pas pris ce quiz